| 000 | 01084nam a22002777a 4500 | ||
|---|---|---|---|
| 999 |
_c64088 _d64088 |
||
| 005 | 20240530110714.0 | ||
| 008 | 180213s2016 ua a g 000 0 ara d | ||
| 017 |
_a2015/13264 _bمصر. دار الكتب |
||
| 020 | _a9789772122136 | ||
| 040 |
_aEG-CaGPL _cEG-CaGPL |
||
| 082 | 0 | 4 |
_221 _a953.071/ _bم أ |
| 100 | 0 | _aمحمود السيد | |
| 245 | 1 | 2 |
_aالاندلس فى ظل الاسلام : _bتكامل البناء الحضارى / _cمحمود السيد . |
| 250 | _aط. 1 | ||
| 260 |
_aالقاهرة : _bمؤسسة شباب الجامعة ، _c2016. |
||
| 300 |
_a255 ص. ؛ _c24 سم. |
||
| 504 | _aببليوجرافية : ص 231 - 245 | ||
| 650 | 0 | 7 |
_2qrmak _aالمرابطون |
| 650 | 0 | 7 |
_2qrmak _aالعمارة الحربية _zالاندلس |
| 650 | 0 | 7 |
_2qrmak _aمسجد الباب المردوم |
| 650 | 0 | 7 |
_2qrmak _aالتاريخ الاسلامى |
| 651 | 0 | 7 |
_2qrmak _aالدولة الاموية |
| 651 | 0 | 7 |
_2qrmak _aتونس _xتاريخ _yالعصر الاسلامى |
| 942 |
_2ddc _cBK |
||